000 00468nam a2200193Ia 4500
005 20250423101041.0
008 250422s9999 xx 000 0 und d
020 _a0-02-427635-9
050 _aLB2806.4.W55
100 _aJon Wiles
245 0 _aSuervision: A Guide To Practice
250 _aThird Edition
260 _aNew York
260 _bMacmillan Publishing Co., Inc.
260 _c1991
300 _a379 p
650 _aPolitical Science
942 _cBK
999 _c35134
_d35134